00420 2200157 4500001002100000008004100021035002000062245004800082100002000130260003300150300001300183084001400196082000800210650002600218990001800244INLIS000000000000827 ind  a0010-0724000827 aSari Tata Bahasa IndonesiacSumiati Budiman aBudiman,Sumiati aKlatenbIntan Pariwarac1987 a130 hlm. a415 BUD s a415 aTata Bahasa Indonesia aP29/CP/24/827